000 00409nam a2200181Ia 4500
003 0STCL
008 150530s9999 xx 000 0 und d
040 _aSTCL
_cSTCL
100 _aRaghava Varier,M.R.
245 _aAdiverukal
250 _a1
260 _bUniversity Book; Calicut
_c1996
_aCalicut
300 _a0
546 _aMalayalam
942 _2ddc
_cBK
999 _c78805
_d78805
005 20220125171710.0